00736 2200205 4500001002100000005001500021035002000036008004100056082001100097090001700108100001800125245005900143260003900202300002900241500020600270084001700476650001200493650001200505990001300517INLIS00000000000141720260506061825 a0010-0521001417260506 g 0 ger  a919.21 a919.21 MAA q0 aMAALS, Alfred1 aQuer durch Sumatra : reiseerinnerungen /cAlfred Maals aBerlin :bWilhelm Susserott,c1904 a143 p. :bill. ;c23 cm. aPerjalanan ke pedalaman Pulau Sumatera mulai dari Padang di Pantai Barat ke Palembang melalui Bengkulu Tjurup dan Muara Bliti disertai dengan uraian tata kehidupan sehari-hari penduduk yang dilaluinya. a919.21 MAA q 4aTRAVELS 4aSUMATRA aL8134/72